Нестационарные вынужденные колебания

التفاصيل البيبلوغرافية
المؤلف الرئيسي: Саркисян Л. А. Леон Арсенович
مؤلفون آخرون: Саркисян А. Л. Арсен Леонович
اللغة:الروسية
منشور في: Чебоксары, Изд-во ЧГУ, 1991
الموضوعات:
التنسيق: MixedMaterials كتاب
KOHA link:https://koha.lib.tpu.ru/cgi-bin/koha/opac-detail.pl?biblionumber=131310

MARC

LEADER 00000nam0a2200000 4500
001 131310
005 20231031134400.0
010 |a 5767700087 
035 |a (RuTPU)RU\TPU\book\142227 
090 |a 131310 
100 |a 20080215d1991 m y0rusy50 ca 
101 0 |a rus 
102 |a RU 
105 |a a z 001zy 
200 1 |a Нестационарные вынужденные колебания  |f Л. А. Саркисян, А. Л. Саркисян 
210 |a Чебоксары  |c Изд-во ЧГУ  |d 1991 
215 |a 52 с.  |c ил. 
320 |a Библиогр.: с. 51-52. 
610 1 |a колебания 
610 1 |a вынужденные колебания 
610 1 |a колебательные процессы 
610 1 |a резонанс 
675 |a 534  |v 3 
700 1 |a Саркисян  |b Л. А.  |g Леон Арсенович 
701 1 |a Саркисян  |b А. Л.  |g Арсен Леонович 
801 1 |a RU  |b 63413507  |c 20080215  |g PSBO 
801 2 |a RU  |b 63413507  |c 20110627  |g PSBO 
942 |c BK